| 000 | 00751nam a22002057a 4500 | ||
|---|---|---|---|
| 999 |
_c9440 _d9440 |
||
| 003 | AR-CdUCM | ||
| 008 | 190328b ||||| |||| 00| 0 spa d | ||
| 040 |
_aMUNICIPALIDAD PROVINCIAL DEL CUSCO _cBIBLIOTECA MUNICIPAL DEL CUSCO |
||
| 082 |
_a869.40 / _bL26 |
||
| 100 |
_aLaralopez, Mario _925626 |
||
| 245 |
_aAmanecer del canto : _bPoesía / |
||
| 260 |
_aCochabamba : _bImprenta universitaria, _c1966. |
||
| 300 |
_a150 paginas ; _c19 cm. |
||
| 500 | _aDonación familia Nieto. | ||
| 505 | _aContenido :La muerte del poeta -- Las voces congregadas -- El amor y sus lamparas -- El alba y la esperanza -- El estudiante muerto ... | ||
| 650 |
_aPoesía boliviana _92577 |
||
| 650 |
_aLiteratura boliviana _94271 |
||
| 942 |
_2ddc _cLIBROS |
||
| 945 | _arum | ||